Environmental disasters / (Record no. 4503)
[ view plain ]
| 000 -LEADER | |
|---|---|
| fixed length control field | 00558cam a22001932 4500 |
| 001 - CONTROL NUMBER | |
| control field | 0000024247 |
| 005 - DATE AND TIME OF LATEST TRANSACTION | |
| control field | 20151217145947.0 |
| 008 - FIXED-LENGTH DATA ELEMENTS--GENERAL INFORMATION | |
| fixed length control field | 130621s xx 000 0 eng d |
| 040 ## - CATALOGING SOURCE | |
| Original cataloging agency | KABU |
| Transcribing agency | KABU |
| 245 10 - TITLE STATEMENT | |
| Title | Environmental disasters / |
| Statement of responsibility, etc. | editors, K. K. K. Singh ... [et al.]. |
| 250 ## - EDITION STATEMENT | |
| Edition statement | 1st ed. |
| 260 ## - PUBLICATION, DISTRIBUTION, ETC. (IMPRINT) | |
| Place of publication, distribution, etc. | New Delhi : |
| Name of publisher, distributor, etc. | APH, |
| Date of publication, distribution, etc. | 2010. |
| 300 ## - PHYSICAL DESCRIPTION | |
| Extent | xxii, 450 p. |
| 650 #0 - SUBJECT ADDED ENTRY--TOPICAL TERM | |
| Topical term or geographic name as entry element | Disasters. |
| -- | 0000087643 |
| 700 1# - ADDED ENTRY--PERSONAL NAME | |
| Personal name | Singh, K. K. K. |
| -- | 0000184199 |
| 852 1# - LOCATION | |
| -- | p4200 KES |
| 908 ## - PUT COMMAND PARAMETER (RLIN) | |
| Put command parameter | 130621 |
| 950 ## - LOCAL HOLDINGS (RLIN) | |
| -- | 1 |
| Withdrawn status | Lost status | Source of classification or shelving scheme | Not for loan | Home library | Current library | Date acquired | Total Checkouts | Full call number | Barcode | Date last seen | Price effective from | Koha item type |
|---|---|---|---|---|---|---|---|---|---|---|---|---|
| Library of Congress Classification | Kabarak, Main Campus | Kabarak, Main Campus | 17/12/2015 | HV551.2 .E58 2010 c. 1 | 015269 | 17/12/2015 | 17/12/2015 | General Collection |